| 000 | 01176nam2a2200277 4500 | ||
|---|---|---|---|
| 001 | RU\NLR\BIBL_A\022458235 | ||
| 005 | 20250810080343.0 | ||
| 035 | _a(NLR Aleph) 022458235 | ||
| 090 |
_a13362358 _c13362358 |
||
| 100 | _a20250214d1944 c y0rusy50 ca | ||
| 101 | 0 | _auzb | |
| 102 | _aUZ | ||
| 105 | _ay z 000 y | ||
| 181 | 0 |
_ai _baxxe |
|
| 182 | 0 | _an | |
| 200 | 0 |
_a2 нчи қисм _eбошланғич мактабларнинг 2 нчи с-флари учун _fС. Батталов таржимаси |
|
| 203 |
_aТекст _bвизуальный _cнепосредственный |
||
| 205 | _a4 нчи нашри | ||
| 210 | _d1944 | ||
| 215 | _a103,[1] с. | ||
| 461 | 0 |
_1001RU\NLR\BIBL_A\022457500 _12001#$aАрифметика масалалари ва машқлари тўплами$eбошланғич мактаблар учун$fН. С. Попова$v2 нчи қисм _1700#1$aПопова$bН. С.$cпедагог-математик$f1885-1975$gНаталья Сергеевна$4070$3RU\NLR\AUTH\770198576 |
|
| 942 | _cBOOK | ||
| 945 | _aРоссийская национальная библиотека | ||
| 980 | _aBV | ||
| 980 | _aNB | ||